| 000 | 00354nam a2200133Ia 4500 | ||
|---|---|---|---|
| 008 | 240624s9999 xx 000 0 und d | ||
| 041 | _aeng | ||
| 082 | _a823 POT | ||
| 100 | _aPOTHEN NAYANTARA | ||
| 245 | _aGLITTERING DECADES NEW DELHI IN LOVE AND | ||
| 260 |
_c2012 _aNew Delhi _bPenguin Books |
||
| 300 | _axi, : 268 : p. : cm. ; 22 | ||
| 365 |
_cRS _b25 |
||
| 999 |
_c19904 _d19904 |
||